00282nam a2200109Ia 4500008004100000041000800041082001200049100002300061245003900084260003000123300001900153240719s9999 xx 000 0 und d aeng a233 KIS aKissinger, Henry A aThe Age Of AI And Our Human Future aLondonbJohn Murrayc2021 a256 P.; 28 Cm.